000
00270nam a2200109Ia 4500
008
201231s9999 xx 000 0 und d
100
_a
Long, Jeb
245
0
_a
Foxpro 2.6 For Windows Developer's Guide
260
_a
New Delhi
_b
Prentice Hall
300
_a
1380
942
_c
BK
999
_c
9664
_d
9664